Word Ladder: In Days of Yore... Quiz Stats

 Plays Quiz Updated Jun 24, 2014

Support Sporcle.
Go Orange.
Score 0/32 Timer 03:00
0 Plays Today
Hint 4-Letter Word % Correct
A wild pig BOAR
95.2%
This is made of water and surrounds a castleMOAT
94.1%
To change from solid to liquidMELT
93.5%
To shed skin or feathersMOLT
91.1%
Water is drawn from hereWELL
91%
This would be a part of the king's navyBOAT
90.7%
Beer topperFOAM
87.7%
Nomads do thisROAM
87.2%
A blacksmith might do this with 2 pieces of metalWELD
86.8%
A person who might clean the castleMAID
86.4%
This is made of rock and surrounds a castle WALL
86.1%
To merge or blendMELD
85.8%
Animal similar to a rabbitHARE
83.5%
A deep sound like thunder might makeBOOM
82.5%
A castle might have a throne oneROOM
82.2%
It might grow up to carry a knightFOAL
79.5%
Hint 4-Letter Word % Correct
Knights wear this made of chainsMAIL
78.6%
One might get put in the stocksBOOR
75.7%
What enemies may try to do to a castleRAID
73.8%
The losing side does thisFAIL
73.4%
A type of weapon used in fencingFOIL
73.2%
A castle might have a great one of theseHALL
68.7%
Hopefully the king is this and not sickHALE
67.3%
Hopefully the king isn't considered an 'old ____'FART
55.7%
A male deerHART
55.5%
A male who might live in a castleLORD
50.6%
A female who might live in a castleLADY
50.6%
A place where knights might defendFORT
49.9%
Like many stories about castlesLORE
48.8%
To cross a waterway surrounding a castleFORD
47.3%
A vein of goldLODE
45.8%
To put on cargoLADE
45.7%

Today's Daily Dose

You're not logged in!

Compare scores with friends on all Sporcle quizzes.
OR
Log In

From the Vault

Disney Opening Lines

by MagsYoLove

Disney sure has employed a lot of narrators over the years.
Remove Ads.
Support Sporcle.
Get the best of Sporcle when you Go Orange. This ad-free experience offers more features, more stats, and more fun while also helping to support Sporcle. Thank you for becoming a member.

Show Comments

Extras

Top Quizzes Today


Score Distribution

Your Account Isn't Verified!

In order to create a playlist on Sporcle, you need to verify the email address you used during registration. Go to your Sporcle Settings to finish the process.

Report this User

Report this user for behavior that violates our Community Guidelines.

Details: